| 000 | 01744nam a22004457a 4500 | ||
|---|---|---|---|
| 001 | 000095096 | ||
| 003 | CHAP | ||
| 005 | 20220329143056.0 | ||
| 008 | 060118d20052005mx r 00110 spa d | ||
| 010 | _a91562 | ||
| 011 | _a92534 | ||
| 035 | _a103099 | ||
| 040 | _cCHAP | ||
| 090 | _aTesis | ||
| 100 | 1 |
_aMéndez Zepeda, Victorio. _976608 |
|
| 245 | 1 | 0 |
_aEficacia biológica del fungicida Canon (sal de fosfito de potasio) en el control del Mildiu del pepino (Pseudoperonospora cubensis (Berk & Curt) Rostow) en el estado de Morelos / _c/por Victorio Méndez Zepeda. |
| 260 |
_aChapingo, Méx. : _bEl autor, _c2005. |
||
| 300 |
_a47 h. ; : _bgráfs. |
||
| 502 | _aTesis(Ing. Agr. Esp. en Parasitología Agrícola) -- UACH. Departamento de Parasitología Agrícola | ||
| 590 |
_aALEPH _b10 _c20130110 _lUCH01 _h1508 |
||
| 590 |
_aBATCH-UPD _b10 _c20130110 _lUCH01 _h0345 |
||
| 590 |
_aBATCH-UPD _b10 _c20130110 _lUCH01 _h2025 |
||
| 590 |
_aBATCH-UPD _b10 _c20130410 _lUCH01 _h0018 |
||
| 590 |
_aBATCH-UPD _b10 _c20130914 _lUCH01 _h1451 |
||
| 590 |
_aBATCH-UPD _b10 _c20140324 _lUCH01 _h1453 |
||
| 590 |
_aBATCH-UPD _b10 _c20141002 _lUCH01 _h0828 |
||
| 590 |
_aCONVERSION _b10 _c20130109 _lUCH01 _h1351 |
||
| 590 |
_aE792CSJ _b10 _c20130613 _lUCH01 _h1408 |
||
| 650 | 1 | 4 |
_aFungicidas. _944044 |
| 650 | 1 | 4 |
_aPepino _xEnfermedades por hongos. _986905 |
| 650 | 1 | 4 |
_aPepino _zMorelos. _986936 |
| 650 | 1 | 4 |
_aPseudoperonospora cubensis. _992582 |
| 856 |
_3Finding aid _uhttp://10.13.5.2/tesis/103099.pdf _zTeclea aquí |
||
| 901 | _aBK | ||
| 905 | _aAlejandra Carrasco M. | ||
| 942 | _cCD | ||
| 942 | _n0 | ||
| 949 |
_bBC _cTES _d000000001030991 _eTS1 _gDonaciØn _h44150 _i103099 _sb |
||
| 949 |
_bBC _cTES _d33724000968624 _eTS2 _fc.2 _gDonaciØn _h44151 _i103099 _si |
||
| 999 |
_c91562 _d91562 |
||